MAASAI MARA UNIVERSITY

LIBRARY CATALOGUE

Contact Us: +254 020 2685356/7 or 0774 057787

Box: 861-20500, NAROK, KENYA

Email: info@mmarau.ac.ke

_Essential statistics in business and economics David P. Doane (Record no. 13042)

MARC details
000 -LEADER
fixed length control field 00482nam a2200157Ia 4500
008 - FIXED-LENGTH DATA ELEMENTS--GENERAL INFORMATION
fixed length control field 151021s9999 xx 000 0 und d
020 ## - INTERNATIONAL STANDARD BOOK NUMBER
International Standard Book Number 73346918
050 ## - LIBRARY OF CONGRESS CALL NUMBER
Classification number HF 1017 .D553 2008
245 ## - TITLE STATEMENT
Title _Essential statistics in business and economics David P. Doane
260 ## - PUBLICATION, DISTRIBUTION, ETC. (IMPRINT)
Place of publication, distribution, etc. Boston : McGraw Hill , 2008
300 ## - PHYSICAL DESCRIPTION
Extent xvi,590p.
500 ## - GENERAL NOTE
General note Includes index
500 ## - GENERAL NOTE
General note Includes index
650 ## - SUBJECT ADDED ENTRY--TOPICAL TERM
Topical term or geographic name as entry element _statistics in business and economics
980 ## - EQUIVALENCE OR CROSS-REFERENCE-SERIES STATEMENT--PERSONAL NAME/TITLE [LOCAL, CANADA]
Personal name ^d20130506 01:54:02^oanne

No items available.

© 2016 Maasai Mara University.